000
00198 a2200097 4500
001
4853
100
_a
Martin,C
245
_a
Atom: friend or foe, the
260
_a
_b
Harrap
_c
090
_c
4044
_d
4044
942
_a
NUST-CAE
_c
M
_c
30317
999
_c
239926
_d
239926